Loading...
| Fine Arts - Classical Music | 0 | 7 | 0 | 1 | 70 | 27 | 68.00 | 3 | 7 |
| Literature - European Literature | 0 | 7 | 0 | 0 | 70 | 38 | 64.43 | 5 | 7 |
| Literature - World/Other Literature | 0 | 7 | 0 | 0 | 70 | 50 | 72.71 | 5 | 7 |
| Mythology | 0 | 6 | 0 | 1 | 60 | 32 | 72.67 | 2 | 6 |
| Literature - British Literature | 0 | 6 | 0 | 0 | 60 | 25 | 53.83 | 6 | 6 |
| Fine Arts - Visual Fine Arts | 0 | 6 | 1 | 0 | 55 | 30 | 55.67 | 3 | 6 |
| Fine Arts - Other Fine Arts | 0 | 5 | 0 | 0 | 50 | 44 | 74.00 | 3 | 5 |
| Literature - American Literature | 0 | 3 | 0 | 0 | 30 | 45 | 77.67 | 1 | 3 |
| Philosophy | 0 | 3 | 0 | 1 | 30 | 56 | 94.00 | 1 | 3 |
| Religion | 0 | 3 | 0 | 0 | 30 | 72 | 83.33 | 2 | 3 |
| History - European History | 0 | 3 | 1 | 0 | 25 | 66 | 73.33 | 2 | 3 |
| History - World History | 0 | 2 | 0 | 0 | 20 | 39 | 63.00 | 0 | 2 |
| Social Science | 0 | 2 | 1 | 0 | 15 | 65 | 69.50 | 1 | 2 |
| Other Academic | 0 | 1 | 0 | 0 | 10 | 67 | 67.00 | 0 | 1 |
| Science - Biology | 0 | 1 | 0 | 0 | 10 | 107 | 107.00 | 0 | 1 |
| Science - Other Science | 0 | 1 | 0 | 0 | 10 | 15 | 15.00 | 0 | 1 |
| History - Other History | 0 | 1 | 0 | 0 | 10 | 53 | 53.00 | 1 | 1 |
| Geography/Current Events | 0 | 0 | 2 | 0 | -10 | 0.00 | 0 | 0 |